| 000 | 00872nam a22002297a 4500 | ||
|---|---|---|---|
| 999 |
_c10661 _d10661 |
||
| 003 | AR-CdUCM | ||
| 008 | 190401b ||||| |||| 00| 0 spa d | ||
| 040 |
_aMUNICIPALIDAD PROVINCIAL DEL CUSCO _cBIBLIOTECA MUNICIPAL DEL CUSCO |
||
| 082 |
_a800.7 / _bL44S / 1946 |
||
| 100 |
_aLenin, V. I. _94963 |
||
| 245 | _aSobre la literatura y el arte/ | ||
| 260 |
_aLa Plata : _bCalomino, _c1946. |
||
| 300 |
_a200 páginas ; _c18 cm. |
||
| 440 |
_aBiblioteca de Cultura Integral. _927635 |
||
| 505 | _aContenido:La literatura Rusa, reflejo de la lucha de clases -- Tolstoi, espejo de la revolución Rusa -- Por una literatura revolucionaria -- LA revolución cultural -- El socialismo y la cultura nacional ... | ||
| 650 |
_aLiteratura _983 |
||
| 650 |
_aArte _9561 |
||
| 650 |
_aRusia _9499 |
||
| 700 |
_aStalin, J. (coautor) _927636 |
||
| 942 |
_2ddc _cLIBROS |
||
| 945 | _aachl | ||